1795 1170 1383 1790 1417 1267 1696 1791 1496 1933 1886 1950 1349 1274 1942 1963 1636 1057 1998 1639 1643 1810 1322 1271 1070 1350 1579 1621 1929 1730 1847 1606 1825 1500 1510 1236 1045 1493 1645 1185 1969 1672 1836 1476 1187 1634 1899 1516 1904 1546 1155 1567 1828 1569 1824 1188 1290 1340 1151 1890 1022 1372 1763 1645 1904 1079 1973 1259 1706 1272 1583 1322 1320 1999 1478 1810 1410 1421 1069 1839 1256 1032 1565 1028 1120 1801 1762 1575 1785 1553 1461 1763 1544 1044 1250 1588 1802 1736 1912 BCNSPRNW ULIB Ver.6.0+V

เปลี่ยนเป็นภาษาไทย

Change to English
 แสดงรายละเอียดบรรณานุกรม
  กลับหน้าหลัก

Brief Record : Get Marc (ISO 2709) : E-mail record : QR code < ปิดหน้าต่าง
LEADER : 00000nam 2200000uu 4500
001    13399127354
003     ULIB
008    200428s2562||||th 000 0 tha d
020    ^a9789740338895
050  4 ^aHD30.28^bพ992ก
100 0  ^aไพโรจน์ ปิยะวงศ์วัฒนา
245 10 ^aกลยุทธ์ระดับองค์การ : ทฤษฎีและการปฏิบัติ =^bCorporate-levelstrategy : theory and practice /^cไพโรจน์ ปิยะวงศ์วัฒนา
246 31 ^aCorporate-level strategy : theory and practice
250    ^aพิมพ์ครั้งที่ 1
260    ^aกรุงเทพฯ :^bสำนักพิมพ์แห่งจุฬาลงกรณ์มหาวิทยาลัย,^c2562
300    ^a275 หน้า :^bภาพประกอบ ;^c26 ซม.
505 0  ^aแนวคิดกลยุทธ์ระดับองค์การ -- กระบวนการกลยุทธ์ระดับองค์การ --ทิศทางองค์การ -- การเติบโตขององค์การ การปรับตัวและยืดหยุ่น --กลยุทธ์สำนักงานใหญ่ สมรรถนะหลักของสำนักงานใหญ่ --กลยุทธ์สำนักงานใหญ่ การสร้างคุณค่าของสำนักงานใหญ่ --กลยุทธ์พิร์ตโฟลิโอธุรกิจ -- ความได้เปรียบองค์การ --การพัฒนากลยุทธ์ีะดับกองค์การ ความสามารถเชิงพลวัต
650  0 ^aBusiness planning
650  0 ^aStrategic planning
650  4 ^aการวางแผนธุรกิจ
650  4 ^aการจัดการธุรกิจ
650  4 ^aการวางแผนเชิงกลยุทธ์
945    ^p420^l0^i007013
945    ^p420^l0^i007014
945    ^p420^l0^i007015
945    ^p420^l0^i007016
945    ^p420^l0^i007017
945    ^p420^l0^i007018
945    ^p420^l0^i007019
945    ^p420^l0^i007020
945    ^p420^l0^i007021
945    ^p420^l0^i007022
999    ^aประนอม เกษจรัล
รายการนี้ยังไม่มีแท็ก
คุณยังไม่ได้ล็อกอิน คุณสามารถมีกิจกรรมร่วมกับเว็บไซต์ได้ แต่ต้องล็อกอินก่อน ::
  ล็อกอิน

รายการสื่อสารสนเทศ

ลำดับที่ ประเภท เลขเรียก/บาร์โค้ด สถานที่ สถานะ
1. การศึกษาทั่วไป
หนังสือสำรอง
สถานะ=หนังสือสำรอง
HD30.28 พ992ก ฉ.1 
  Barcode: 007013
ห้องสมุดวิทยาเขตสวรรค์ประชารักษ์
►หนังสือทั่วไป
บนชั้น
2. การศึกษาทั่วไป
การศึกษาทั่วไป
HD30.28 พ992ก ฉ.10 
  Barcode: 007022
ห้องสมุดวิทยาเขตสวรรค์ประชารักษ์
►หนังสือทั่วไป
บนชั้น
3. การศึกษาทั่วไป
การศึกษาทั่วไป
HD30.28 พ992ก ฉ.2 
  Barcode: 007014
ห้องสมุดวิทยาเขตสวรรค์ประชารักษ์
►หนังสือทั่วไป
บนชั้น
4. การศึกษาทั่วไป
การศึกษาทั่วไป
HD30.28 พ992ก ฉ.3 
  Barcode: 007015
ห้องสมุดวิทยาเขตสวรรค์ประชารักษ์
►หนังสือทั่วไป
บนชั้น
5. การศึกษาทั่วไป
การศึกษาทั่วไป
HD30.28 พ992ก ฉ.4 
  Barcode: 007016
ห้องสมุดวิทยาเขตสวรรค์ประชารักษ์
►หนังสือทั่วไป
บนชั้น
6. การศึกษาทั่วไป
การศึกษาทั่วไป
HD30.28 พ992ก ฉ.5 
  Barcode: 007017
ห้องสมุดวิทยาเขตสวรรค์ประชารักษ์
►หนังสือทั่วไป
บนชั้น
7. การศึกษาทั่วไป
การศึกษาทั่วไป
HD30.28 พ992ก ฉ.6 
  Barcode: 007018
ห้องสมุดวิทยาเขตสวรรค์ประชารักษ์
►หนังสือทั่วไป
บนชั้น
8. การศึกษาทั่วไป
การศึกษาทั่วไป
HD30.28 พ992ก ฉ.7 
  Barcode: 007019
ห้องสมุดวิทยาเขตสวรรค์ประชารักษ์
►หนังสือทั่วไป
บนชั้น
9. การศึกษาทั่วไป
การศึกษาทั่วไป
HD30.28 พ992ก ฉ.8 
  Barcode: 007020
ห้องสมุดวิทยาเขตสวรรค์ประชารักษ์
►หนังสือทั่วไป
บนชั้น
10. การศึกษาทั่วไป
การศึกษาทั่วไป
HD30.28 พ992ก ฉ.9 
  Barcode: 007021
ห้องสมุดวิทยาเขตสวรรค์ประชารักษ์
►หนังสือทั่วไป
บนชั้น

รายการใกล้เคียง
    ผู้แต่ง [ไพโรจน์ ปิยะวงศ์วัฒนา]

    หัวเรื่อง [Business planning]
    หัวเรื่อง [Strategic planning]
    หัวเรื่อง [การวางแผนธุรกิจ]
    หัวเรื่อง [การจัดการธุรกิจ]
    หัวเรื่อง [การวางแผนเชิงกลยุทธ์]

BibComment


ยังไม่เคยถูกคอมเมนท์

คอมเมนท์ทรัพยากรรายการนี้
  คอมเมนท์: กลยุทธ์ระดับองค์..


 Copyright 2026. Bcnsprnw @Library